000 00658cam a2200217 4500
001 J103256
008 000000n1999 000 0 eng u
035 _a(Sirsi) u103256
041 _aeng
050 _a658.9907
110 _aConstruction Industry Research and Information Association
_94810
245 _aConstruction - management education and practical application, the gap.
260 _aLondon
_bCIRIA
_c1999
300 _a44p. ; 30cm.
650 _aPROFESSIONAL PRACTICE
650 _aEDUCATION AND TRAINING
650 _aProject management
_96261
650 _aMANAGEMENT-BUSINESS MANAGEMENT
690 _aBUILT ENVIRONMENT
942 _n0
999 _c100107
_d100107